Neue Makroökonimic und Aussenhandel

Guardado en:
Detalles Bibliográficos
Autor principal: Franke, Jan
Formato: Libro
Lenguaje:alemán
Publicado: Berlin Springer 1989
Edición:1.Aufl.
Colección:Studies in Contemporary Economics
Etiquetas: Agregar Etiqueta
Sin Etiquetas, Sea el primero en etiquetar este registro!

MARC

LEADER 00000nam a2200000 4500
001 c035920
005 20250512110410.1
041 0 |a ger 
044 |a DE 
245 1 0 |a Neue Makroökonimic und Aussenhandel  |c Jan Franke 
250 |a 1.Aufl. 
264 1 |a Berlin  |b Springer  |c 1989 
300 |a 436 s. 
490 1 |a Studies in Contemporary Economics 
830 0 |a Studies in Contemporary Economics 
100 1 |a Franke, Jan